<?xml version="1.0" encoding="UTF-8"?>
<record
    xmlns:xsi="http://www.w3.org/2001/XMLSchema-instance"
    xsi:schemaLocation="http://www.loc.gov/MARC21/slim http://www.loc.gov/standards/marcxml/schema/MARC21slim.xsd"
    xmlns="http://www.loc.gov/MARC21/slim">

  <leader>01696nam a22002297a 4500</leader>
  <controlfield tag="005">20260124120931.0</controlfield>
  <controlfield tag="008">230523b           ||||| |||| 00| 0 eng d</controlfield>
  <datafield tag="020" ind1=" " ind2=" ">
    <subfield code="a">9781338681727</subfield>
  </datafield>
  <datafield tag="040" ind1=" " ind2=" ">
    <subfield code="c">AL</subfield>
  </datafield>
  <datafield tag="041" ind1=" " ind2=" ">
    <subfield code="a">eng</subfield>
  </datafield>
  <datafield tag="082" ind1=" " ind2=" ">
    <subfield code="2">23</subfield>
    <subfield code="a">813.6</subfield>
    <subfield code="b">RIGS</subfield>
  </datafield>
  <datafield tag="100" ind1=" " ind2=" ">
    <subfield code="a">Debbie Rigaud</subfield>
    <subfield code="9">252611</subfield>
  </datafield>
  <datafield tag="245" ind1=" " ind2=" ">
    <subfield code="a">Simone breaks all the rules</subfield>
  </datafield>
  <datafield tag="260" ind1=" " ind2=" ">
    <subfield code="a">New York</subfield>
    <subfield code="b">Scholastic Press</subfield>
    <subfield code="c">2021</subfield>
  </datafield>
  <datafield tag="300" ind1=" " ind2=" ">
    <subfield code="a">vi,309p.</subfield>
    <subfield code="b">HB</subfield>
    <subfield code="c">21x14cm.</subfield>
  </datafield>
  <datafield tag="365" ind1=" " ind2=" ">
    <subfield code="2">English</subfield>
    <subfield code="a">1170</subfield>
    <subfield code="b">399.00</subfield>
    <subfield code="c">&#x20B9;</subfield>
    <subfield code="d">499.00</subfield>
    <subfield code="e">20%</subfield>
    <subfield code="f">17-05-2023</subfield>
  </datafield>
  <datafield tag="520" ind1=" " ind2=" ">
    <subfield code="a">Perfect for fans of You Should See Me in a Crown and Never Have I Ever, this hilarious and heartfelt rom-com from bestselling author Debbie Rigaud is pure Black girl joy.Simone Thibodeaux is about to switch things up. Check her life: It&#x2019;s sealed in a boy-proof container. Her Haitian immigrant parents send Simone to an all-girls high school and enforce strict no-dating rules. As for prom? Simone is allowed to go on one condition: Her parents will select her date (a boy from a nice, Haitian immigrant family, obviously). Simone is desperate to avoid the setup -- especially since she has a serious crush on another boy. It's time to take action. Simone and her fellow late-bloomer friends make a senior year bucket list of all the wild things they haven't done yet. Like: going out dancing, skipping class (what), and oh yeah -- deciding their own prom destinies. But as the list takes on a life of its own, things get much messier than Simone expected. Can she figure out which rules are worth breaking and which might save her from heartbreak?</subfield>
  </datafield>
  <datafield tag="650" ind1=" " ind2=" ">
    <subfield code="a">American English Fiction</subfield>
    <subfield code="9">111665</subfield>
  </datafield>
  <datafield tag="650" ind1=" " ind2=" ">
    <subfield code="a">English Novel</subfield>
    <subfield code="9">111666</subfield>
  </datafield>
  <datafield tag="650" ind1=" " ind2=" ">
    <subfield code="a">English Fiction</subfield>
    <subfield code="9">111667</subfield>
  </datafield>
  <datafield tag="942" ind1=" " ind2=" ">
    <subfield code="2">ddc</subfield>
    <subfield code="c">BK</subfield>
  </datafield>
  <datafield tag="999" ind1=" " ind2=" ">
    <subfield code="c">227331</subfield>
    <subfield code="d">227331</subfield>
  </datafield>
  <datafield tag="952" ind1=" " ind2=" ">
    <subfield code="0">0</subfield>
    <subfield code="1">0</subfield>
    <subfield code="2">ddc</subfield>
    <subfield code="4">0</subfield>
    <subfield code="7">0</subfield>
    <subfield code="8">ENG</subfield>
    <subfield code="a">AL</subfield>
    <subfield code="b">AL</subfield>
    <subfield code="d">2023-05-20</subfield>
    <subfield code="e">Biblios Book Point Surathkal Mangalore 575014</subfield>
    <subfield code="g">399.00</subfield>
    <subfield code="l">6</subfield>
    <subfield code="o">813.6 RIGS</subfield>
    <subfield code="p">076533</subfield>
    <subfield code="r">2025-04-01 07:07:59</subfield>
    <subfield code="s">2025-02-17</subfield>
    <subfield code="v">499.00</subfield>
    <subfield code="w">2023-05-23</subfield>
    <subfield code="y">BK</subfield>
  </datafield>
</record>
